000 00786nam a22002297a 4500
003 OSt
005 20251025035125.0
008 251025b |||||||| |||| 00| 0 eng d
020 _a978-621-427-164-1
040 _aDWC-Main Lib
_cOC
082 _aFil. 991.408 R287 2025
100 _aBACOLOD, MINSOWARE S.
245 _aReadings in Philippine History
_cMinsoware S. Bacolod, [and three others]
260 _aManila, Philippines:
_bUnlimited Books Library Services & Publishing Inc.,
_cc2025.
300 _ax, 170 pages:
_billustrations;
_c25 cm.
504 _aIncludes bibliographical references.
650 _aHistory, Philippines.
700 _aNICOLAS, ELIESER D.
700 _aSANTOS, ARNOLD PERONA
700 _aMURAO, FRANCIA FORMALEJO
942 _2ddc
_cBK - FIL
_kFil.
_n0
999 _c5127
_d5127